书目信息 |
| 题名: |
律令四千年
|
|
| 作者: | 张小乐 著 | |
| 分册: | ||
| 出版信息: | 沈阳 辽海出版社 2006 |
|
| 页数: | 156页 | |
| 开本: | 19cm | |
| 丛书名: | 中国历史文化丛书 | |
| 单 册: | ||
| 中图分类: | D929.2 | |
| 科图分类: | ||
| 主题词: | 法令--中国--古代 , 法令 | |
| 电子资源: | ||
| ISBN: | 7-80638-865-6 | |
| 000 | 00911oam2 2200289 450 | |
| 001 | 012007145834 | |
| 005 | 20070605143113.92 | |
| 010 | @a7-80638-865-6@dCNY720.00(全30册) | |
| 100 | @a20070602d2006 km y0chiy0120 ea | |
| 101 | 0 | @achi |
| 102 | @aCN@b210000 | |
| 105 | @ay z 000zy | |
| 106 | @ar | |
| 200 | 1 | @a律令四千年@Alu ling si qian nian@e中国历代律令@f张小乐著@Fzhang xiao yue zhu |
| 205 | @a2版 | |
| 210 | @a沈阳@c辽海出版社@d2006 | |
| 215 | @a156页@d19cm | |
| 225 | 2 | @a中国历史文化丛书 |
| 330 | @a本书主要内容包括:叩开文明大门,千里邦畿施汤刑,礼刑之网笼罩大地,撩开神秘的面纱,大变革时代,短命王朝的繁法严刑等。 | |
| 461 | 0 | @12001 @a中国历史文化丛书 |
| 517 | 1 | @a中国历代律令@Azhong guo li dai lu ling |
| 606 | 0 | @a法令@y中国@z古代 |
| 606 | 0 | @a法令 |
| 690 | @aD929.2@v4 | |
| 701 | 0 | @a张小乐@Azhang xiao yue@4著 |
| 801 | 0 | @aCN@bRULIN@c20070605 |
| 905 | @dD929.2@e302=2@s5 | |
| 律令四千年:中国历代律令/张小乐著.-2版.-沈阳:辽海出版社,2006 |
| 156页;19cm.-(中国历史文化丛书) |
| ISBN 7-80638-865-6:CNY720.00(全30册) |
| 本书主要内容包括:叩开文明大门,千里邦畿施汤刑,礼刑之网笼罩大地,撩开神秘的面纱,大变革时代,短命王朝的繁法严刑等。 |
| ● |
| 相关链接 |
|
|
|
|
正题名:律令四千年
索取号:D929.2/302=2
 
预约/预借
| 序号 | 登录号 | 条形码 | 馆藏地/架位号 | 状态 | 备注 |
| 1 | 0582707 | 205827079 | 第一样本阅览室/ [索取号:D929.2/302=2] | 在馆 | |
| 2 | 0582708 | 205827088 | 第一借阅区/ [索取号:D929.2/302=2] | 在馆 | |
| 3 | 0582709 | 205827097 | 第一借阅区/ [索取号:D929.2/302=2] | 在馆 | |
| 4 | 0582710 | 205827104 | 第一借阅区/ [索取号:D929.2/302=2] | 在馆 | |
| 5 | 0582711 | 205827113 | 第一借阅区/ [索取号:D929.2/302=2] | 在馆 |